[Event "GER-chT U10"]
[Site "Magdeburg"]
[Date "2015.12.28"]
[Round "5.1"]
[White "Rosenhain, Jonathan"]
[Black "Gallasch, Jonas"]
[Result "0-1"]
[WhiteElo "1143"]
[BlackElo "1401"]
[PlyCount "64"]
[EventDate "2015.12.27"]
[EventType "team-swiss"]
[EventRounds "7"]
[EventCountry "GER"]
[SourceTitle "EXT 2017"]
[Source "ChessBase"]
[SourceDate "2016.10.25"]
[SourceVersion "1"]
[SourceVersionDate "2016.10.25"]
[SourceQuality "1"]
[WhiteTeam "Berlin Schachpinguine II"]
[BlackTeam "Porz SG"]
[WhiteTeamCountry "GER"]
[BlackTeamCountry "GER"]

1. e4 c6 2. d4 d5 3. Nc3 dxe4 4. Nxe4 Bf5 5. Nc3 Nf6 6. Nf3 e6 7. Bc4 Bb4 8. Bd2 Nbd7 9. a3 Nb6 10. Be2 Be7 11. 0-0 0-0 12. Be3 Nbd5 13. Nxd5 cxd5 14. Nh4 Bg6 15. Nxg6 hxg6 16. a4 Rc8 17. a5 a6 18. c3 Ne4 19. f3 Nd6 20. Qd3 Nc4 21. b3 Nxe3 22. Qxe3 Qc7 23. Rac1 Qxa5 24. b4 Qc7 25. Rfd1 Rfd8 26. b5 a5 27. Rd2 Bd6 28. Rdc2 Bf4 29. Qd3 Bxc1 30. Rxc1 b6 31. Kh1 e5 32. c4 dxc4 0-1